000 00450cam a2200157ua 4500
041 _aeng
_h
082 _a690
_bGEE/BU
100 _aGeeson , Alfred G .
245 _aBuilding sceince materials for students of architecture and building V.II /
_cAlfred G Geeson.
_hTextual Documents
250 _a1 /
_b.
260 _aLondon :
_bEnglish universities press Ltd ,
_c1963.
300 _a395 ; .
504 _a
942 _cBK
999 _c2703
_d2703